| 000 | 00626nam a2200241Ia 4500 | ||
|---|---|---|---|
| 003 | OSt | ||
| 005 | 20221005130217.0 | ||
| 006 | a|||||r|||| 00| 0 | ||
| 007 | ta | ||
| 008 | 221004b |||||||| |||| 00| 0 tam d | ||
| 024 | _a46975 | ||
| 037 | _cTextual | ||
| 040 |
_aCRL _cCRL _btam |
||
| 041 |
_2tam _atam |
||
| 082 | _aDelta28y7M23, 31J5 | ||
| 100 |
_aSundaranar Kaliyana _9637759 |
||
| 245 | 0 | _aRamalinga swamigal thirunullam | |
| 260 | _c1955 | ||
| 300 |
_a140 _ccm. |
||
| 650 | _aMYSTICISM | ||
| 942 |
_hDelta28y7M23, 31J5 _cTEXL _2cc |
||
| 999 |
_c1056435 _d1056435 |
||